Normal view
MARC view
- شقير، فائق / م.مشارك: عاطف الاخرس، عبدالرحمن سالم
Entry Personal Name
001 - CONTROL NUMBER
- control field: 30894
003 - CONTROL NUMBER IDENTIFIER
- control field: JO-AjAnu
005 - DATE AND TIME OF LATEST TRANSACTION
- control field: 20230606075216.0
008 - FIXED-LENGTH DATA ELEMENTS
- fixed length control field: 230606|| aca||aabn | a|a d
040 ## - CATALOGING SOURCE
- Original cataloging agency: JO-AjAnu
- Transcribing agency: JO-AjAnu
100 ## - HEADING--PERSONAL NAME
- Personal name: شقير، فائق / م.مشارك: عاطف الاخرس، عبدالرحمن سالم
670 ## - SOURCE DATA FOUND
- Source citation: Work cat.: (JO-AjAnu)15866: شقير، فائق / م.مشارك: عاطف الاخرس، عبدالرحمن سالم, author, محاسبة البنوك